Estilo barroco y personalidad creadora: Góngora, Quevedo, Lope de Vega
Gorde:
| Egile nagusia: | |
|---|---|
| Formatua: | Liburua |
| Hizkuntza: | gaztelania |
| Argitaratua: |
Madrid
Cátedra
1977
|
| Edizioa: | 3a. ed |
| Gaiak: | |
| Etiketak: |
Etiketa erantsi
Etiketarik gabe, Izan zaitez lehena erregistro honi etiketa jartzen!
|
MARC
| LEADER | 00000nam a2200000 a 4500 | ||
|---|---|---|---|
| 001 | UCM2221 | ||
| 003 | CL-VaPUC | ||
| 008 | 020425e19770000SP |||||||||||||||||spa|d | ||
| 082 | 0 | 4 | |a 864 |b LAZ |2 21 |
| 100 | |a Lázaro Carreter, Fernando |e author |9 544517 | ||
| 245 | 1 | 0 | |a Estilo barroco y personalidad creadora: Góngora, Quevedo, Lope de Vega |
| 250 | |a 3a. ed | ||
| 300 | |a 201 p | ||
| 942 | |c BK | ||
| 945 | |d 20020425 00:00:00 |a cmena | ||
| 260 | |a Madrid |b Cátedra |c 1977 | ||
| 600 | 0 | 7 | |a GONGORA Y ARGOTE, LUIS DE |2 CL-VaPUC |9 267951 |
| 600 | 0 | 7 | |a VEGA, LOPE DE |2 CL-VaPUC |9 319628 |
| 600 | 0 | 7 | |a QUEVEDO, FRANCISCO DE |2 CL-VaPUC |9 254892 |
| 650 | 0 | |a Ensayos españoles |9 313128 | |
| 650 | 0 | |a Estilo literario |9 316417 | |
| 650 | 0 | |a Barroco |9 338027 | |
| 650 | 0 | |a Creatividad |9 310816 | |
| 650 | 0 | |a Literatura picaresca |9 313752 | |
| 650 | 7 | |a SONETOS |2 CL-VaPUC |9 372645 | |
| 583 | |a last modification |c 20020425 00:00:00 |k Rodrigo Vera | ||
| 999 | |c 300193 |d 300191 | ||
| 952 | |0 0 |1 0 |4 0 |6 864_000000000000000_LAZ_1977 |7 0 |8 A |9 357639 |a BIBEDU |b BIBEDU |d 2019-11-21 |i 3811832 |o 864 LAZ 1977 |p 3811832 |r 2019-11-21 |w 2019-11-21 |y BK |k LIT | ||